اللاعب و اللعبة : (رقم التسجيلة. 8879)

تفاصيل مارك
000 -LEADER
fixed length control field 00615nam a22001697a 4500
005 - DATE AND TIME OF LATEST TRANSACTION
control field 20251108164314.0
008 - FIXED-LENGTH DATA ELEMENTS--GENERAL INFORMATION
fixed length control field 250721s1990 xx 000 0 ara d
082 14 - DEWEY DECIMAL CLASSIFICATION NUMBER
Classification number 355.3432/كوب
100 1# - MAIN ENTRY--PERSONAL NAME
Personal name كوبلاند، مايلز
245 10 - TITLE STATEMENT
Title اللاعب و اللعبة :
Remainder of title عالم الإستخبارات الأميركية في إعترافات أحد رجالاته /
264 1# - PRODUCTION, PUBLICATION, DISTRIBUTION, MANUFACTURE, AND COPYRIGHT NOTICE
Place of production, publication, distribution, manufacture بيروت :
Name of producer, publisher, distributor, manufacturer دار الحمراء للطباعة والنشر،
Date of production, publication, distribution, manufacture, or copyright notice 1990.
300 ## - PHYSICAL DESCRIPTION
Extent 192ص
650 17 - SUBJECT ADDED ENTRY--TOPICAL TERM
Topical term or geographic name as entry element وكالة الإستخبارات المركزية
650 17 - SUBJECT ADDED ENTRY--TOPICAL TERM
Topical term or geographic name as entry element الجواسيس
942 ## - ADDED ENTRY ELEMENTS (KOHA)
Source of classification or shelving scheme Dewey Decimal Classification
Koha item type كتب
المقتنيات
حالة السحب حالة الفقدان مصدر التصنيف حالة التلف غير قابل للإعارة المكتبة الرئيسية المكتبة الحالية موقع الرف تاريخ التزويد الرقم المتسلسل Total Checkouts رقم الإستدعاء تاريخ آخر ظهور تاريخ الفاتورة نوع المادة (كوها) الباركود
    Dewey Decimal Classification Unchecked   مكتبة صويلح العامة مكتبة صويلح العامة الإعارة 06/07/2004 4142   355.3432/كوب 28/07/2025 06/07/2004 كتب  
    Dewey Decimal Classification     مكتبة عدن للأطفال مكتبة عدن للأطفال الإعارة 06/02/2025 1792761   355.3432/كوب 28/07/2025 06/02/2025 كتب PLD00514777
Implemented & Customized by: BBB with SCIT (Smart Chains for Information Technology)

Powered by Koha